000 00372nam a22001337a 4500
082 _a526.9
_bTER
_cD
100 _aTerrington, J.S
_939697
245 _aSurveying and levelling
_cTerrington, J.S
260 _aLondon
_bCrosby lockwood & son
_c1939
300 _aix, 108 p.
_bill.
_c17 cm
526 _a0
_b0
_c0
_d526_900000000000000_TER
650 _aD
_96527
942 _2ddc
_cBK
999 _c549216
_d549216